Responses for Show #509 - Thursday, November 20, 1986

1986 Tournament of Champions final game 1.

Contestants

[<< previous game]

Marvin Shinkman, a stamp dealer from Sherman Oaks, California

Chuck Forrest, a law student from Grand Blanc, Michigan

Paul Rouffa, an actor from Forest Park, Illinois

[next game >>]

Jeopardy! Round responses

RITUALS
ANATOMY
BIBLICAL NAMES
MUSIC FACTS
POTENT POTABLES
POTPOURRI
    $100 4
sneezing

Paul
    $100 16
veins

Paul
    $100 11
Solomon Grundy

Chuck
    $100 1
three

Paul
    $100 20
coffee

Triple Stumper
    $100 3
the Pentagon

Chuck
    $200 9
tea

Marvin
    $200 18
floating ribs

Marvin
    $200 15
Abraham Lincoln

Chuck
    $200 2
the left side

Marvin
    $200 21
sommelier

Paul
    $200 7
Cardinal Richelieu

Marvin
    $300 10
a mating ritual

Chuck
    $300 24
(Paul: What is trachea?)
(Chuck: What is larynx?)

pharynx

PaulChuckMarvin
    $300 22
(Alex: "Theme From Shaft", is right.)

Isaac Hayes

Paul
    $300 5
(Marvin: What is cleft?)

note

Marvin
Triple Stumper
    $300 25
(Paul: What is asti?)

spumante

PaulMarvin
    $300 8
Book Of Mormon

Chuck
    $400 12
sumo wrestling

Paul
    $400 29
(Paul: What is the pancreas?)
...
[The end-of-round signal sounds.]

gall bladder

PaulMarvin
    $400 23
Mary Shelley

Chuck
    $400 6
lento

Marvin
    $400 26
(Paul: What is a shot?)

a gill

Paul
Triple Stumper
    $400 17
a pedometer

Chuck
    $500 14
sand

Chuck
    $500 27
Moses Malone

Triple Stumper
    $500 13
G major

Paul
    $500 28
barley

Triple Stumper
    $500 19
(Paul: What is the elk?)

the reindeer

PaulMarvin

Scores at the first commercial break (after clue 14):

Paul Chuck Marvin
$1,100 $1,300 $700

Scores at the end of the Jeopardy! Round:

Paul Chuck Marvin
-$200 $2,000 $2,400

Double Jeopardy! Round responses

EXPLORERS
POETRY
STARTS WITH "A"
THE UNIVERSE
TV BANDLEADERS
PRESIDENTIAL AILMENTS
    $200 2
Byrd

Marvin
    $200 4
T.S. Eliot

Paul
    $200 3
abbreviation

Chuck
    $200 1
Little Lion

Chuck
    $200 21
Desi Arnaz

Chuck
    $200 6
George Washington

Paul
    $400 10
deep sea

Marvin
    $400 12
Carl Sandburg

Paul
    $400 5
amethyst

Marvin
    $400 13
spiral

Chuck
    $400 26
(Paul: Who is Frank Duvall?)

Milton Delugg

PaulMarvin
    $400 11
Thomas Jefferson

Chuck
    $600 14
Verrazano

Chuck
    $800 15
twinkle, twinkle little star

Chuck
    $600 7
albumen

Paul
    $600 17
black hole

Marvin
    $600 27
(Marvin: Who is Les Brown?)

Ray Bloch

Marvin
Triple Stumper
    $600 16
Buchanan

Paul
    $800 22
(Marvin: Who is Magellan?)

Vasco da Gama

ChuckMarvin
    $800 24
when spoken to

Marvin
    $800 8
arrowroot

Triple Stumper
    $800 19
Alpha Centauri

Paul
    $800 28
Mort Lindsey

Triple Stumper
    $800 18
James Madison

Paul
    $1000 23
(Marvin: Who is Cabot?)

Jacques Cartier

Marvin
Triple Stumper
    $1000 30
"Invictus"

Chuck
    $1000 9
(Marvin: What is analgesiac?)

analgesic

ChuckMarvin
    $1000 20
Crab Nebula

Paul
    $1000 29
Sammy Spear

Triple Stumper
    $1,000 25
Grover Cleveland

Marvin

Scores at the end of the Double Jeopardy! Round:

Paul Chuck Marvin
$4,000 $7,600 $2,800

Final Jeopardy! Round responses

AGRICULTURE
MarvinWhat is Brazil?
$1,200
PaulWhat is India???
$0
ChuckWhat is The USSR?
$1,000
Canada

Final scores:

Paul Chuck Marvin
$4,000 $6,600 $1,600

Game dynamics:

Coryat scores:

Paul Chuck Marvin
$4,000 $7,400 $2,800
15 R
(including 1 DD),
6 W
18 R
(including 1 DD),
1 W
16 R
(including 1 DD),
5 W

Combined Coryat: $14,200

[game clues] [game scores] [suggest correction]

Game tape date: 1986-10-29
The J! Archive is created by fans, for fans. Scraping, republication, monetization, and malicious use prohibited; this site may use cookies and collect identifying information. See terms. The Jeopardy! game show and all elements thereof, including but not limited to copyright and trademark thereto, are the property of Jeopardy Productions, Inc. and are protected under law. This website is not affiliated with, sponsored by, or operated by Jeopardy Productions, Inc. Join the discussion at JBoard.tv.